000 00831nam a2200241 i 4500
001 6492
003 ES-MaACL
005 20240314211746.0
007 t|
008 891124s1988 sp ||||1| spa d
080 _a9(466)"17"
080 _a91(466)"17"
100 1 _aGarcía-Diego, José A.
_954541
245 1 3 _aEl País Vasco visto por un comerciante inglés /
_cJose A. Garcia-Diego.
260 _a[S.l.] :
_bRevista Internacional de los Estudios Vascos,
_c1988.
300 _aP. 239-258 ;
_c24 cm.
500 _aSeparata de la Revista Internacional de los Estudios Vascos, año 6. T. XXXIII, julio-diciembre 1988.
500 _aTexto bilingue: castellano-ingles.
651 4 _aPaís Vasco-
_xDescripción
_99149
852 _aES-MaACL
_j2142-F-28
_bR.117136
999 _c6492
_d6492